LEADER 01204nam a2200241 i 4500 001 000000033097 003 CaOOAMICUS 005 20180830125450.0 008 180830s2003 it u000 u ita u 040 $aSeMil$bita 100 1 $aBen Shimon, Moshč.$0(OLS)http://semarc/name/15205 245 10$aStoria di un rapporto difficile /$cM. Ben Shimon ... [et al.] ; a cura di Stefano Rosso, Franco Segre, Emilia Turco. 260 $aTorino :$bAmicizia Ebraico Cristiana,$c2003. 300 $a4 v. ;$c21 cm. 650 4$aEbraismo e cristianesimo.$0(OLS)http://semarc/subject/5096 700 1 $aTurco, Emilia.$0(OLS)http://semarc/name/15208 700 1 $aSegre, Franco.$0(OLS)http://semarc/name/15207 700 1 $aRosso, Stefano <1931- >.$0(OLS)http://semarc/name/15206 773 0 $tQuaderni A.E.C. Torino.$dTorino : Amicizia Ebraico Cristiana, [1998]$w()33096 774 0 $tEbrei e cristiani nell'Etą Antica.$kQuaderni A.E.C. Torino$g1$w()248634 774 0 $tEbrei e cristiani durante il Medio Evo.$kQuaderni A.E.C. Torino$g2$w()248636 996 $6245$aStoria di un rapporto difficile$9(OLS)http://semarc/title/44805 996 $6260$aTorino :$bAmicizia Ebraico Cristiana$9(OLS)http://semarc/publisher/39505 LEADER 01397nam a2200301 i 4500 001 000000111322 003 CaOOAMICUS 005 20181219102937.0 008 030115s2000 it u000 u ita u 013 $a84004 020 $a88-8422-056-4 040 $aSeMil$bita 100 1 $aColaianni, Nicola.$0(OLS)http://semarc/name/46665 245 10$aTutela della personalitą e diritti della coscienza /$cNicola Colaianni. 260 $aBari :$bCacucci,$ccopyr. 2000. 300 $a246 p. ;$c25 cm. 490 0 $aQuaderni del Dipartimento giuridico delle istituzioni, amministrazione e libertą / Universitą degli studi di Bari ;$v2 500 $aCon dedica autografa dell'autore. - Fondo Card. C.M. Martini. 650 4$aLibertą religiosa - Tutela.$0(OLS)http://semarc/subject/10726 830 0$aQuaderni del Dipartimento giuridico delle istituzioni, amministrazione e libertą / Universitą degli studi di Bari ;$v2.$0(OLS)http://semarc/title/11092 850 $aSeMil 852 $aSeMil$W1$xVenegono$y1$m3L IV 174$j67157$B67157$CSeMilBibl$Z2$F100477 $81 941 1 $a4 961 $aOmaggio: Martini Card. Carlo Maria 996 $6020$a88-8422-056-4$9(OLS)http://semarc/number/93444 996 $6245$aTutela della personalitą e diritti della coscienza$9(OLS)http://semarc/title/161998 996 $6260$aBari :$bCacucci$9(OLS)http://semarc/publisher/32272